000 00599nam a2200193 a 4500
001 000044435
005 20201002045354.0
008 140630s1995 mx 000 0 spa d
020 _a0679763325
040 _aDO-SdBNP
_bspa
_cBNPHU
100 1 _aTaibo, Paco Ignacio
_d1949-
_972445
245 1 0 _aAlgunas nubes /
_cPaco Ignacio Taibo II.
260 _aMéxico :
_bAlfaguara,
_c1995.
300 _a131 p. ;
_c22 cm.
490 1 _aVintage español
500 _aIncluye datos biográficas del autor en la solapa de la cubierta
590 _aInventariado, 2019/VM
830 0 _aVintage español
_922733
999 _c43924
_d43924